Name A Ruler - Statistics

General Stats
  • This quiz has been taken 47 times
  • The average score is 10 of 15
Answer Stats
Country Heads of State % Correct
Germany (1933-2019) Adolf Hitler / Joseph Goebbels / Konrad Adenauer / Ludwig Erhard / Kurt Georg Kiesinger / Willy Brandt / Helmut Schmidt / Helmut Kohl / Gerhard Schröder / Angela Merkel
100%
United States (1776-2019) George Washington / John Adams / Thomas Jefferson / James Madison / James Monroe / John Quincy Adams / Andrew Jackson / Martin VanBuren / William Henry Harrison / John Tyler / James K. Polk / Zachary Taylor / Millard Fillmore / Franklin Pierce / James Buchanan / Abraham Lincoln / Andrew Johnson / Ulysses S. Grant / Rutherford Birchard Hayes / James A. Garfield / Chester A. Arthur / Grover Cleveland / Benjamin Harrison / William McKinley / Theodore Roosevelt / William H. Taft / Woodrow Wilson / Warren G. Harding / Calvin Coolidge / Herbert Hoover / Franklin D. Roosevelt / Harry S. Truman / Dwight D. Eisenhower / John F. Kennedy / Lyndon B. Johnson / Richard M. Nixon / Gerald R. Ford / Jimmy Carter / Ronald Reagan / George Bush / Bill Clinton / George W Bush / Barack Obama / Donald Trump
100%
Cuba (1959-2019) Manuel Urrutia Lleó / Osvaldo Dorticós Torrado / Fidel Castro / Raúl Castro / Miguel Díaz-Canel
93%
Italy (1943-2019) Benito Mussolini / Enrico De Nicola / Luigi Einaudi / Giovanni Gronchi / Antonio Segni / Giuseppe Saragat / Giovanni Leone / Sandro Pertini / Francesco Cossiga / Oscar Luigi Scalfaro / Carlo Azeglio Ciampi / Giorgio Napolitano / Sergio Mattarella
90%
France (1848-2019) Charles de Gaulle (1959–69) Georges Pompidou / Valéry Giscard d’Estaing / François Mitterrand / Jacques Chirac / Nicolas Sarkozy / François Hollande / Emmanuel Macron / Vincent Auriol / René Coty / Louis-Napoléon Bonaparte / Adolphe Thiers / Patrice de Mac-Mahon / Jules Grévy / Sadi Carnot / Jean Casimir-Périer / Félix Faure / Émile Loubet / Armand Fallières / Raymond Poincaré / Paul Deschanel / Alexandre Millerand / Gaston Doumergue / Paul Doumer / Albert Lebrun
90%
South Africa (1984-2019) P. W. Botha / Jan Christiaan Heunis / F. W. de Klerk / Nelson Mandela / Thabo Mbeki / Kgalema Motlanthe / Ivy Matsepe-Casaburri / Jacob Zuma / Cyril Ramaphosa
90%
China (1954-2019) Mao Zedong / Liu Shaoqi / Dong Biwu / Song Qingling / Li Xiannian / Yang Shangkun / Jiang Zemin / Hu Jintao / Xi Jinping
80%
North Korea (1948–2019) Kim Jong un / Kim Jong il / Kim Tu bong / Choe Yong gon / Kim Ilsung / Kim Yong nam
76%
Libya (1969-2019) Muammar Gaddafi / Abdul Ati al-Obeidi / Muhammad az-Zaruq Rajab / Mifta al-Usta Umar / Abdul Razzaq as-Sawsa / Muhammad az-Zanati / Miftah Muhammed K'eba / Imbarek Shamekh / Mohamed Abu al-Qasim al-Zwai / Mustafa Abdul Jalil / Mohammed Ali Salim / Mohammed Magariaf / Giuma Ahmed Atigha / Nouri Abusahmain / Abu Bakr Baira / Aguila Saleh Issa
61%
Egypt (1956-2019) Gamal Abdel Nasser / Anwar Sadat / Sufi Abu Taleb / Hosni Mubarak / Mohamed Morsi / Adly Mansour / Abdel Fattah el-Sisi
56%
Uganda (1962-2019) Queen Elizabeth II / Walter Coutts / Edward Mutesa / Milton Obote / Idi Amin / Yusuf Lule / Tito Okello / Yoweri Museveni /Godfrey Binaisa / Paulo Muwanga / Milton Obote / Bazilio Olara-Okello
56%
Zimbabwe 1980–2019) Canaan Banana / Robert Mugabe / Emmerson Mnangagwa
41%
Syria (1961–2019) Maamun al-Kuzbari / Izzat al-Nuss / Nazim al-Kudsi / Lu'ay al-Atassi / Amin al-Hafiz / Nureddin al-Atassi / Ahmad al-Khatib / Hafez al-Assad / Abdul Halim Khaddam / Bashar al-Assad
41%
Mexico (1917-2019) Venustiano Carranza / Adolfo de la Huerta / Álvaro Obregón / Plutarco Elías Calles / Emilio Portes Gil / Pascual Ortiz Rubio / Abelardo L. Rodríguez / Lázaro Cárdenas / Manuel Ávila Camacho / Miguel Alemán / Adolfo Ruiz Cortines / Adolfo López Mateos / Gustavo Díaz Ordaz / Luis Echeverría Álvarez / José López Portillo / Miguel de la Madrid / Carlos Salinas de Gortari / Ernesto Zedillo / Vicente Fox / Felipe Calderón / Enrique Peña Nieto / Andrés Manuel López Obrador
34%
Haiti (1957-2019) François Duvalier / Jean-Claude Duvalier / Henri Namphy / Leslie Manigat / Jovenel Moïse / Michel Martelly / Jocelerme Privert / René Préval / Boniface Alexandre /Prosper Avril / Émile Jonassaint / Hérard Abraham / Ertha Pascal-Trouillot / Jean-Bertrand Aristide / Raoul Cédras / Joseph Nérette / Marc Bazin
32%
No matching quizzes found
Score Distribution
Percent of People with Each Score
Percentile by Number Answered
Your Score History
You have not taken this quiz